| 000 | 01064nam a22002777a 4500 | ||
|---|---|---|---|
| 005 | 20240530110507.0 | ||
| 008 | 151012s2009 ua g b 000 0 ara d | ||
| 017 |
_a2008/22719 _bمصر . دار الكتب المصرية |
||
| 020 | _a9773222527 | ||
| 040 | _aEG-CaGPL | ||
| 082 | 0 | 4 |
_221 _a415.1\ _bإ ن |
| 100 | 0 | _aابراهيم خليفة شعلان | |
| 245 | 1 | 2 |
_aالنحو بين العرب و اليونان / _cتاليف ابراهيم خليفة شعلان |
| 250 | _aط1 | ||
| 260 |
_aالقاهرة : _bعين للدراسات و البحوث الانسانية و الاجتماعية ، _c2009 . |
||
| 300 |
_a150 ص ؛ _c24 سم . |
||
| 504 | _aيشتمل على ارجاعات ببليوجرافية | ||
| 650 | 0 | 4 |
_aاللغة العربية _xالنحو |
| 650 | 0 | 4 |
_aالنحو _zاليونان |
| 650 | 0 | 4 | _aاللغة ، علم |
| 650 | 0 | 4 |
_aالنحو _xالاستفهام |
| 650 | 0 | 4 |
_aالنحو _xالاسماء |
| 650 | 0 | 4 |
_aالنحو _xالاصوات |
| 942 |
_2ddc _cBK |
||
| 999 |
_c61588 _d61588 |
||